00795nam a2200217 4500003001100000005001700011008004100028020001800069040003900087041000800126082001600134245008100150260005300231300005500284650002800339650003100367650002500398700002300423700002500446856010600471LK-CoMWRAF20231218152820.0231207b2008 |||||||| |||| 00| 0 eng d a9789624423068 aLK-CoMWRAFdLK-CoMWRAFeLK-CoMWRAF aeng a305.42bWOM aWomen empowering themselves : ba framework that interrogates and transforms aKowloon:bSoutheast Asia Research Centre, c2008 a 77 p. : color ill. ; 25 cmbBibliography included aWomen-Social conditions aWomen in development- Asia aWomen's rights- Asia aWee, Vivienneeed. aShaheed, Faridaeed. uhttps://assets.publishing.service.gov.uk/media/57a08bb840f0b652dd000e40/3_WEMC_Research_Framework.pdf